Bleach-Shinigami avec Bankai (Mort Subite) - Statistiques

Statistiques générales
  • Ce quiz a été pris 466 fois
  • Le résultat moyen est 5 sur 23
Answers on the Grid
Answers color-coded by a green-red scale on the quiz's grid according to % correct below.
Sosuke Aizen
(Division 5)
Byakuya Kuchiki
(Division 6)
Chojuro Sasakibe
(Division 1)
Gin Ichimaru
(Division 3)
Ginjo Kugo
(sans division)
Ginrei Kuchiki
(Division 6)
Hanataro Yamada
(Division 4)
Kirio Hikifune
(Division 0)
Momo Hinamori
(Division 5)
Shuhei Hisagi
(Division 9)
Hiyori Sarugaki
(Division 12)
Iba Tetsuzaemon
(Division 7)
Ichibei Hyosubei
(Division 0)
Ichigo Kurosaki
(Sans Division )
Ikkaku Madarame
(Division 11)
Isane kotetsu
(Division 4)
Isshin Kurosaki
(Division 10)
Kaien Shiba
(Division 13)
Kensei Muguruma
(Division 9)
Kira Izuru
(Division 3)
Kisuke Urahara
(Division 12)
Sajin Kommamura
(Division 7)
Shunsui Kyoraku
(Division 8)
Matsumoto Rangiku
(Division 10)
Mayuri Kurotsushi
(Division 12)
Nanao Ise
(Division 8)
Oetsu Nimaiya
(Division 0)
Marechiyo Oomaeda
(Division 2)
Renji Abarai
(Division 6)
Rojuro Otoribashi
(Division 3)
Rukia Kuchiki
(Division 13)
Shinji Hirako
(Division 5)
Senjumaru Shutara
(Division 0)
Soi Fon
(Division 2)
Tenjiro Kirinji
(Division 0)
Kaname Tosen
(Division 9)
Toshiro Hitsugaya
(Division 10)
Jushiro Ukitake
(Division 13)
Retsu Unohana
(Division 4)
Genryusai Shigekuni Yamamoto
(Division 1)
Yoruichi Shihoin
(Division 2)
Yumichika Ayasegawa
(Division 11)
Zaraki Kenpachi
(Division 11)
 
Statistiques - réponses
Réponse % Correct
Byakuya Kuchiki
(Division 6)
84%
Gin Ichimaru
(Division 3)
68%
Chojuro Sasakibe
(Division 1)
52%
Ichigo Kurosaki
(Sans Division )
28%
Ginjo Kugo
(sans division)
27%
Ikkaku Madarame
(Division 11)
25%
Ichibei Hyosubei
(Division 0)
20%
Kisuke Urahara
(Division 12)
19%
Zaraki Kenpachi
(Division 11)
18%
Renji Abarai
(Division 6)
16%
Soi Fon
(Division 2)
16%
Mayuri Kurotsushi
(Division 12)
15%
Toshiro Hitsugaya
(Division 10)
15%
Genryusai Shigekuni Yamamoto
(Division 1)
14%
Rukia Kuchiki
(Division 13)
14%
Shunsui Kyoraku
(Division 8)
14%
Kaname Tosen
(Division 9)
13%
Retsu Unohana
(Division 4)
12%
Sajin Kommamura
(Division 7)
12%
Shinji Hirako
(Division 5)
9%
Kensei Muguruma
(Division 9)
8%
Senjumaru Shutara
(Division 0)
8%
Rojuro Otoribashi
(Division 3)
7%
Aucun quiz correspondant
Distribution des résultats
% des personnes avec chaque résultat
Percentile par nombre de réponses
Votre historique - résultats
Vous n’avez pas pris ce quiz